[Event "Warsaw Najdorf Memorial op-A 06th"]
[Site "Warsaw"]
[Date "2008.08.09"]
[Round "8"]
[White "Mandecki, Marek"]
[Black "Paprocka, Renata"]
[Result "0-1"]
[WhiteElo "2140"]
[BlackElo "2065"]
[PlyCount "111"]
[EventDate "2008.08.02"]
[EventType "swiss"]
[EventRounds "9"]
[EventCountry "POL"]
[SourceTitle "CBM 125 Extra"]
[Source "ChessBase"]
[SourceDate "2008.09.01"]
[SourceVersion "1"]
[SourceVersionDate "2008.09.01"]
[SourceQuality "1"]

1. d4 d5 2. c4 e6 3. Nf3 Nf6 4. Bg5 Nbd7 5. Nc3 c6 6. e3 Qa5 7. Nd2 dxc4 8. Bxf6 Nxf6 9. Bxc4 Be7 10. 0-0 0-0 11. Nce4 Nxe4 12. Nxe4 Rd8 13. a3 Bd7 14. b4 Qc7 15. Qh5 Be8 16. Ng5 h6 17. Ne4 b6 18. f4 c5 19. bxc5 bxc5 20. f5 cxd4 21. f6 Bf8 22. fxg7 Bxg7 23. Nf6+ Kh8 24. Rac1 Qe7 25. Nxe8 Rxe8 26. Rxf7 Qxa3 27. Re1 Qc3 28. Qe2 Qxe3+ 29. Qf2 Qxf2+ 30. Kxf2 e5 31. Ke2 e4 32. Rb1 Rab8 33. Rxb8 Rxb8 34. Rxa7 Rb2+ 35. Kf1 Rb1+ 36. Ke2 d3+ 37. Bxd3 exd3+ 38. Kxd3 Rb2 39. g4 Rxh2 40. Ke3 Kh7 41. Rf7 Kg6 42. Rf5 Bf6 43. Kf3 Rh1 44. Kg2 Rd1 45. Kg3 Rd3+ 46. Kg2 Kf7 47. Rf3 Rd4 48. Kh3 Ke6 49. Rf5 Be5 50. Rf3 Rd2 51. Kh4 Rh2+ 52. Rh3 Rg2 53. Rf3 Rh2+ 54. Rh3 Rf2 55. Re3 Kf6 56. Rh3 0-1

[Event "Warsaw Najdorf Memorial op-A 06th"]
[Site "Warsaw"]
[Date "2008.08.09"]
[Round "9.51"]
[White "Mandecki, Marek"]
[Black "Rafa, Robert"]
[Result "0-1"]
[WhiteElo "2140"]
[BlackElo "2033"]
[PlyCount "84"]
[EventDate "2008.08.02"]
[EventType "swiss"]
[EventRounds "9"]
[EventCountry "POL"]
[SourceTitle "EXT 2023"]
[Source "ChessBase"]
[SourceDate "2022.10.05"]
[SourceVersion "1"]
[SourceVersionDate "2022.10.05"]
[SourceQuality "1"]

1. d4 d5 2. c4 c6 3. Nf3 Nf6 4. Bg5 h6 5. Bh4 Nbd7 6. e3 e6 7. Bd3 Bd6 8. Nc3 Qa5 9. 0-0 0-0 10. c5 Be7 11. Ne5 Qd8 12. f4 Nxe5 13. fxe5 Nd7 14. Bxe7 Qxe7 15. Bc2 b6 16. Qd3 g6 17. b4 bxc5 18. bxc5 a5 19. Rf3 Ba6 20. Qd2 Kg7 21. Rg3 Rab8 22. Rb1 Rxb1+ 23. Bxb1 Rb8 24. h3 a4 25. Qc1 Bb5 26. Bc2 Nf8 27. Nxa4 Qa7 28. Nc3 Bc4 29. Bb1 Qa5 30. Rf3 Qb4 31. h4 Nd7 32. h5 Be2 33. Nxe2 Qxb1 34. hxg6 fxg6 35. Qxb1 Rxb1+ 36. Kh2 g5 37. Kg3 Rb2 38. Nc1 Rb1 39. Nd3 h5 40. Rf2 Kg6 41. Rb2 Rf1 42. Nb4 g4 0-1

[Event "Warsaw Najdorf Memorial op-A 06th"]
[Site "Warsaw"]
[Date "2008.08.03"]
[Round "2"]
[White "Mandecki, Marek"]
[Black "Pozzo, Sebastian"]
[Result "1-0"]
[WhiteElo "2140"]
[BlackElo "1980"]
[PlyCount "49"]
[EventDate "2008.08.02"]
[EventType "swiss"]
[EventRounds "9"]
[EventCountry "POL"]
[SourceTitle "CBM 125 Extra"]
[Source "ChessBase"]
[SourceDate "2008.09.01"]
[SourceVersion "1"]
[SourceVersionDate "2008.09.01"]
[SourceQuality "1"]

1. d4 Nf6 2. c4 g6 3. Nc3 Bg7 4. e4 d6 5. Nf3 0-0 6. Be2 e5 7. 0-0 Nc6 8. d5 Ne7 9. Nd2 a5 10. b3 Kh8 11. a3 Nd7 12. Ra2 f5 13. f3 f4 14. Kh1 g5 15. Qe1 Qe8 16. Nb5 Qh5 17. Nxc7 Rf6 18. g4 fxg3 19. Qxg3 Rb8 20. Rg1 Rg6 21. Nf1 Nf6 22. Nb5 g4 23. Nxd6 gxf3 24. Qxf3 Ng4 25. Nxc8 1-0

[Event "POL-ch Academia"]
[Site "Warsaw"]
[Date "1994.??.??"]
[Round "?"]
[White "Mandecki, Marek"]
[Black "Kolasinski, Marek"]
[Result "0-1"]
[WhiteElo "2215"]
[BlackElo "2260"]
[PlyCount "68"]
[EventDate "1994.??.??"]
[EventType "swiss"]
[EventRounds "9"]
[EventCountry "POL"]
[SourceTitle "EXT 2004"]
[Source "ChessBase"]
[SourceDate "2003.11.25"]
[SourceVersion "1"]
[SourceVersionDate "2003.11.25"]
[SourceQuality "1"]

1. c4 c6 2. e4 d6 3. d4 g6 4. Nc3 Bg7 5. Be2 Nf6 6. Nf3 0-0 7. 0-0 Nbd7 8. Rb1 a5 9. a3 e5 10. d5 Nc5 11. Qc2 Ncxe4 12. Nxe4 Nxe4 13. dxc6 bxc6 14. Be3 f5 15. Rfd1 Nf6 16. Nxe5 Qc7 17. Nf3 Ng4 18. Bf4 Ne5 19. Qd2 Ba6 20. Qxd6 Qxd6 21. Rxd6 Nxc4 22. Rxc6 Nxa3 23. Bxa6 Nxb1 24. Bc4+ Kh8 25. Ne5 g5 26. Bxg5 Bxe5 27. Ba2 f4 28. Re6 Rae8 29. Rxe8 Rxe8 30. Bxb1 Bxb2 31. Bd3 Re1+ 32. Bf1 a4 33. Bxf4 a3 34. Bd2 Rd1 0-1

[Event "Warsaw op"]
[Site "Warsaw"]
[Date "1993.??.??"]
[Round "3"]
[White "Krzywicki, Dariusz"]
[Black "Mandecki, Marek"]
[Result "1-0"]
[WhiteElo "2305"]
[BlackElo "2235"]
[PlyCount "69"]
[EventDate "1993.??.??"]
[EventType "swiss"]
[EventRounds "9"]
[EventCountry "POL"]
[SourceTitle "TD"]
[Source "ChessBase"]
[SourceDate "1994.03.01"]
[SourceVersion "1"]
[SourceVersionDate "1994.03.01"]
[SourceQuality "1"]

1. Nf3 Nf6 2. g3 g6 3. Bg2 Bg7 4. 0-0 0-0 5. c4 c5 6. Nc3 Nc6 7. d4 cxd4 8. Nxd4 Nxd4 9. Qxd4 d6 10. Qd3 Rb8 11. Be3 b6 12. Bd4 Bb7 13. e4 Qd7 14. Rad1 Rfd8 15. h3 Qe8 16. Rfe1 Bc6 17. Qe2 Nh5 18. Bxg7 Nxg7 19. Qe3 Qf8 20. Re2 Ne8 21. Red2 Rdc8 22. b3 Qg7 23. Kh2 e6 24. Ne2 Rc7 25. Nd4 Rbc8 26. Nxc6 Rxc6 27. e5 Rc5 28. exd6 Rd8 29. Qf3 f5 30. b4 Rxc4 31. Qe2 Rxb4 32. Qxe6+ Kh8 33. Rc1 Rd4 34. Rxd4 Qxd4 35. Qe7 1-0